| 000 | 00499nam a2200169 a 4500 | ||
|---|---|---|---|
| 001 | 3200 | ||
| 005 | 20140414131914.0 | ||
| 008 | 060202s19uu xx 00 eng d | ||
| 020 | _a0-590-41498-4 | ||
| 050 |
_aER _bH14 1975 |
||
| 100 | _aWiseman, Bernard | ||
| 245 |
_aHalloween with Morris and Boris / _cwritten and illustrated by Bernard Wiseman. |
||
| 260 |
_aNew York : _bScholastic, _c1975. |
||
| 300 | _a1 v. p. : ill. ; cm. | ||
| 650 |
_aGhosts _xChildren stories _xGhosts. |
||
| 999 |
_c111355 _d111355 |
||